| 000 | 00943cam a22002773a 4500 | ||
|---|---|---|---|
| 001 | 32183 | ||
| 003 | PGUSA | ||
| 005 | 20140828083710.0 | ||
| 008 | 100429s2010||||xxu|||||s|||||000 | eng d | ||
| 040 |
_aPGUSA _beng |
||
| 042 | _adc | ||
| 050 | 4 | _aPR | |
| 100 | 1 |
_aDyer, T. F. Thiselton _q(Thomas Firminger Thiselton), _d1848- |
|
| 245 | 1 | 0 |
_aFolk-lore of Shakespeare _h[electronic resource] / _cT. F. Thiselton Dyer |
| 260 |
_bProject Gutenberg, _c2010 |
||
| 506 | _aPublic domain in the USA. | ||
| 516 | _aElectronic text | ||
| 653 | _aFolklore in literature | ||
| 653 | _aLiterature and folklore -- England -- History -- 17th century | ||
| 653 | _aShakespeare, William, 1564-1616 -- Knowledge -- Folklore | ||
| 653 | _aOral tradition -- England | ||
| 653 | _aLiterature and folklore -- England -- History -- 16th century | ||
| 830 | 0 |
_aProject Gutenberg _v32183 |
|
| 856 | 4 | 0 | _uhttp://www.gutenberg.org/ebooks/32183 |
| 942 | _cEB | ||
| 999 |
_c261438 _d261438 |
||